00494pab a2200145 454500008003600000100001800036245004500054650001100099650001300110650001400123773007400137909000900211999001500220952011300235180718b xxu||||| |||| 00| 0 eng d aAllen, Hubert aAre Britain or India really democracies? a India a Britain aDemocracy aQuarterly Journal of the All India Institute of Local Self-Government a1913 c1913d1913 00104070aIIPAbIIPAd2018-07-19hIssue no: 63(2), Apr.-Jun.91, p.60-6pAR1913r2018-07-19w2018-07-19yAR